000 00641nam a2200265Ia 4500
005 20260121172748.0
008 008 260114s9999 xx 000 0 eng d
020 _a9783030825478
037 _aEBOOK
040 _aCRL
040 _beng
040 _cCRL
041 _2eng
041 _aeng
084 _qCRL
100 _aStuart Marshall Bender, Mick Broderick
_91092423
245 0 _aVirtual Realities
260 _bSpringer
260 _bSpringer
260 _c2021
856 _uhttps://link.springer.com/openurl?genre=book&isbn=978-3-030-82547-8
942 _cEBOOK
999 _c1658163
_d1658163